000 00666nam a2200241 a 4500
001 58260
003 CO-BoRNBP
005 20250820213809.0
007 ta
008 960630s1994 ck ao gr 000 j spa
020 _a9589096301
040 _aCO-BoBN
_bspa
_cCO-BoBN
082 0 4 _aCo863.44
_223
100 1 _aNiño, Jairo Aníbal,
_d1941-2010
245 1 3 _aEl río de la vida /
_cJairo Aníbal Niño
250 _a1a. ed.
300 _a64 p. :
_bil., fot. ;
_c26 cm
336 _2rdacontent
_atexto
_btxt
337 _2rdamedia
_asin mediación
_bn
338 _2rdacarrier
_avolumen
_bnc
650 1 4 _aCuentos colombianos
_ySiglo XX
_2LEMB
_91206
942 _2ddc
_cBK
999 _c58260
_d58260